banner koha

Avaliação morfofuncional do enxerto de túnica albugínea suína na cistoplastia em ratos (Registro n. 300459)

MARC details
000 -LÍDER
fixed length control field 03827nab a2200313 i 4500
003 - CÓDIGO MARC DA AGÊNCIA CATALOGADORA
Campo de controle BR-BrBNA
005 - DATA E HORA DA ÚLTIMA ATUALIZAÇÃO
Campo de controle 20240709131013.0
008 - CAMPO DE TAMANHO FIXO
fixed length control field 240709b2017 bl.|r|pooa||| 00| 0 por |
040 ## - FONTE DA CATALOGAÇÃO
Agência catalogadora BR-BrBNA
Idioma da catalogação por
072 ## - CATEGORIA AGRIS
Código AGRIS L70
Código do objeto 8830
100 ## - ENTRADA PRINCIPAL - NOME PESSOAL
Nome pessoal Moraes, T.A.
100 ## - ENTRADA PRINCIPAL - NOME PESSOAL
Nome pessoal Canellas, A.C.C.
100 ## - ENTRADA PRINCIPAL - NOME PESSOAL
Nome pessoal Rodrigues, A.F.
100 ## - ENTRADA PRINCIPAL - NOME PESSOAL
Nome pessoal Lancetta, C.F.F.
100 ## - ENTRADA PRINCIPAL - NOME PESSOAL
Nome pessoal Degani, V.A.N.
100 ## - ENTRADA PRINCIPAL - NOME PESSOAL
Nome pessoal Ferreira, M.L.G.
245 ## - TÍTULO PRINCIPAL
Título principal Avaliação morfofuncional do enxerto de túnica albugínea suína na cistoplastia em ratos
500 ## - NOTA GERAL
Nota geral Publicação on-line; 24 ref.; Summaries (En, Pt)
942 ## - ADDED ENTRY ELEMENTS (KOHA)
Koha item type
520 ## - NOTA DE RESUMO
Nota de conteúdo <br/><br/>RESUMO - O objetivo deste trabalho é avaliar o uso da túnica albugínea suína na cistoplastia em ratos, avaliando funcionalidade, capacidade de reparação do órgão e possibilidades de complicações. Foram selecionados 30 ratos Wistar, machos, de seis meses de idade, divididos em: um grupo teste (TA), em que os animais receberam o enxerto de túnica albugínea suína após a cistectomia parcial e um grupo controle (C), em que os animais sofreram somente a cistectomia parcial. Os animais pertencentes a ambos os grupos foram divididos igualmente em subgrupos de cinco animais cada, que sofreram eutanásia em sete, 28 e 42 dias de pós-operatório. Foi realizada uma análise macroscópica e, posteriormente, uma análise histopatológica da região da ferida cirúrgica. Aos sete e 28 dias, os animais pertencentes ao grupo C e ao grupo TA apresentaram urotelização, regeneração da lâmina própria e da musculatura, porém o grupo TA apresentou menores sinais inflamatórios e maior organização tecidual, principalmente com relação à formação das fibras musculares. Aos 42 dias de pós-operatório, ambos os grupos já apresentavam características histológicas normais. Concluiu-se que o enxerto de túnica albugínea suína obteve sucesso na regeneração da bexiga de ratos, mantendo a funcionalidade do órgão, sem rejeição, e favorecendo a migração celular.<br/><br/><br/>Palavras-chave: cistectomia parcial, biomateriais, xenoenxerto
520 ## - NOTA DE RESUMO
Nota de conteúdo <br/><br/>ABSTRACT - The aim of this study is to evaluate porcine tunica albuginea as a graft for cystoplasty in rats, regarding bladder function, capacity and possible complications. 30 male Wistar rats with six monthes of age have been selected and separated into two different groups: A test group (TA) in which the animals received a tunica albuginea graft after partial cystectomy and a control group (C) in which partial cystectomy was performed, followed by bladder suture. In each group the animals were euthanized at seven, 28 and 42 days after surgery. Macroscopic and Histological analysis have been performed. At seven and 28 days after surgery the samples from both groups had urothelial lining upon a lamina propria and smooth muscle fibers in regeneration process. However, the TA group showed less inflammatory signs and more organized structure, mainly regarding the smooth muscle formation. At 42 days after surgery all groups showed a bladder wall structure qualitatively identical to the normal tissue. We could conclude that tunica albuginea graft is able to maintain bladder function and support cellular migration without any kind of rejection.<br/><br/><br/>Keywords: partial cystectomy, biomaterials, heterologous graft
650 ## - ASSUNTO - THESAGRO
Cabeçalho tópico ou nome geográfico RAT0
650 ## - ASSUNTO - THESAGRO
Cabeçalho tópico ou nome geográfico CISTOPLASTIA
650 ## - ASSUNTO - THESAGRO
Cabeçalho tópico ou nome geográfico BEXIGA
650 ## - ASSUNTO - THESAGRO
Cabeçalho tópico ou nome geográfico VETERINÁRIA
773 0# - ENTRADA ANALÍTICA
Host Biblionumber 1643
Registro do item 316242
Imprenta Belo Horizonte-MG Universidade Federal de Minas Gerais - Escola de Veterinaria 1983
Outro identificador 2024-2643
Título Arquivo Brasileiro de Medicina Veterinária e Zootecnia (Brazil)
ISSN 0102-0935
Colação v. 69(4) p. 973-979; (2017)
Número de controle de registro BR2024001664
856 ## - ACESSO E ENDEREÇO ELETRÔNICO
Identificador uniforme de recurso - URI https://www.scielo.br/j/abmvz/a/cpMwFNyjHjK8WqkFLJRn6yx/?format=pdf&lang=pt

Nenhum exemplar disponível.

BINAGRI

Telefone: (61)3218-2567/2388/3357/2097 - binagri@agro.gov.br

Ministério da Agricultura e Pecuária , Esplanada dos Ministérios, Bloco D, Anexo B, Brasília/DF, CEP: 70.043-900